Laser 1988 Property Trust beams up (Record no. 8721)

MARC details
000 -LEADER
fixed length control field 00888cab a2200205 4500
001 - CONTROL NUMBER
control field ABS38967
008 - FIXED-LENGTH DATA ELEMENTS--GENERAL INFORMATION
fixed length control field 090401t1988 xxu||||| |||| 00| 0 eng d
035 ## - SYSTEM CONTROL NUMBER
System control number (Sirsi) u13539
041 ## - LANGUAGE CODE
Language code of text/sound track or separate title eng
100 ## - MAIN ENTRY--PERSONAL NAME
Personal name Branson, C.
245 ## - TITLE STATEMENT
Title Laser 1988 Property Trust beams up
260 ## - PUBLICATION, DISTRIBUTION, ETC.
Date of publication, distribution, etc. 1988
350 ## - PRICE (NR) (BK AM CF MU VM SE) [OBSOLETE]
Price 0
490 ## - SERIES STATEMENT
Series statement Chartered Surveyor Weekly
Volume/sequential designation 22(9) 3 March 1988, 23(1)
520 ## - SUMMARY, ETC.
Summary, etc. Briefly reports on a new unitisation vehicle set up by Colegrave Johnson Fry . The scheme, London and South-East Enterprise Zone Real Property Trust (1988), Laser 1988 Trust for short, offers a chance to invest in property located in the following enterprise zones : the Isle of Dogs , Chatham and Telford . Notes the tax benefits arising from investment and illustrates with examples.
650 ## - SUBJECT ADDED ENTRY--TOPICAL TERM
Topical term or geographic name entry element ENTERPRISE TRUSTS
690 ## - LOCAL SUBJECT ADDED ENTRY--TOPICAL TERM (OCLC, RLIN)
Topical term or geographic name as entry element PROPERTY LAW AND PRACTICE
942 ## - ADDED ENTRY ELEMENTS (KOHA)
Suppress in OPAC 0
948 ## - LOCAL PROCESSING INFORMATION (OCLC); SERIES PART DESIGNATOR (RLIN)
c (OCLC) 04/03/1997
Holdings
Withdrawn status Lost status Source of classification or shelving scheme Damaged status Not for loan Home library Current library Shelving location Date acquired Total Checkouts Full call number Barcode Date last seen Copy number Price effective from Koha item type
    Dewey Decimal Classification     London London Journal article 14/09/1999   ABS38967 13539-1001 06/08/2019 1 06/08/2019 Journal article